[Event "Nezhmetdinov Memorial 31st"]
[Site "Kazan"]
[Date "2009.05.31"]
[Round "1"]
[White "Zainullina, Nataliya"]
[Black "Kharlov, Andrei"]
[Result "0-1"]
[WhiteElo "2127"]
[BlackElo "2511"]
[PlyCount "64"]
[EventDate "2009.05.31"]
[EventType "swiss"]
[EventRounds "9"]
[EventCountry "RUS"]
[SourceTitle "CBM 130 Extra"]
[Source "ChessBase"]
[SourceDate "2009.07.02"]
[SourceVersion "2"]
[SourceVersionDate "2009.07.15"]
[SourceQuality "1"]

1. e4 c5 2. Nc3 Nc6 3. g3 g6 4. Bg2 Bg7 5. d3 e5 6. Be3 d6 7. Nd5 Nge7 8. Nxe7
Qxe7 9. Ne2 O-O 10. O-O f5 11. c3 fxe4 12. dxe4 Be6 13. Qd2 Rf7 14. Rad1 Bxa2
15. Qxd6 Nd4 16. Qxe7 Nxe2+ 17. Kh1 Rxe7 18. Rfe1 Nd4 19. cxd4 cxd4 20. Bg5 Rc7
21. Ra1 Bb3 22. Ra3 Be6 23. Kg1 Rc2 24. Rb1 h6 25. Be7 Bf8 26. Bxf8 Rxf8 27. f3
Bc4 28. Rxa7 d3 29. Raa1 d2 30. Bf1 Rxf3 31. Bxc4+ Rxc4 32. Rd1 Rd3 0-1

[Event "Nezhmetdinov Memorial 31st"]
[Site "Kazan"]
[Date "2009.06.01"]
[Round "2"]
[White "Kharlov, Andrei"]
[Black "Ibraev, Vasilij"]
[Result "1-0"]
[WhiteElo "2511"]
[BlackElo "2266"]
[PlyCount "74"]
[EventDate "2009.05.31"]
[EventType "swiss"]
[EventRounds "9"]
[EventCountry "RUS"]
[SourceTitle "CBM 130 Extra"]
[Source "ChessBase"]
[SourceDate "2009.07.02"]
[SourceVersion "2"]
[SourceVersionDate "2009.07.15"]
[SourceQuality "1"]

1. d4 Nf6 2. Nf3 e6 3. e3 c5 4. c4 cxd4 5. exd4 d5 6. Nc3 Be7 7. cxd5 Nxd5 8.
Bd3 Nc6 9. O-O O-O 10. Re1 Ncb4 11. Bb1 Nf6 12. a3 Nbd5 13. Ne5 Bd7 14. Qd3 Bc6
15. Qh3 Re8 16. Bg5 g6 17. Ba2 Nc7 18. Rad1 Nh5 19. Bc1 Bg5 20. Be3 Bd5 21.
Bxd5 exd5 22. Qf3 Bf6 23. g4 Ng7 24. Bf4 Nge6 25. Bg3 Rf8 26. Nd7 Qxd7 27. Qxf6
Qd8 28. Be5 Qxf6 29. Bxf6 Rfe8 30. Be5 Rac8 31. Re3 Red8 32. f4 a6 33. f5 Nf8
34. Rf1 Rd7 35. Bxc7 Rcxc7 36. Re5 Rc4 37. Nxd5 Rd8 1-0

[Event "Nezhmetdinov Memorial 31st"]
[Site "Kazan"]
[Date "2009.06.04"]
[Round "5"]
[White "Vasenev, Sergey"]
[Black "Kharlov, Andrei"]
[Result "0-1"]
[WhiteElo "2283"]
[BlackElo "2511"]
[PlyCount "60"]
[EventDate "2009.05.31"]
[EventType "swiss"]
[EventRounds "9"]
[EventCountry "RUS"]
[SourceTitle "CBM 130 Extra"]
[Source "ChessBase"]
[SourceDate "2009.07.02"]
[SourceVersion "2"]
[SourceVersionDate "2009.07.15"]
[SourceQuality "1"]

1. Nf3 d5 2. d4 Nf6 3. c4 e6 4. g3 dxc4 5. Bg2 Nc6 6. Qa4 Bb4+ 7. Bd2 Nd5 8.
Qb5 Bxd2+ 9. Nbxd2 c3 10. bxc3 Nxc3 11. Qb3 Nd5 12. O-O O-O 13. Rac1 Nb6 14.
Rfd1 Nxd4 15. Nxd4 Qxd4 16. Ne4 Qe5 17. Rc5 Nd5 18. f4 Qh5 19. Nc3 a6 20. e4 b6
21. Nxd5 exd5 22. Rc6 dxe4 23. Rd5 Qe2 24. Bf1 Qf3 25. Rc3 Qg4 26. h3 Qe6 27.
f5 Qf6 28. g4 Bb7 29. Rd7 Bc6 30. Rxc7 Qd4+ 0-1

[Event "Nezhmetdinov Memorial 31st"]
[Site "Kazan"]
[Date "2009.06.08"]
[Round "9"]
[White "Krylov, Mikhail"]
[Black "Kharlov, Andrei"]
[Result "1-0"]
[WhiteElo "2482"]
[BlackElo "2511"]
[PlyCount "93"]
[EventDate "2009.05.31"]
[EventType "swiss"]
[EventRounds "9"]
[EventCountry "RUS"]
[SourceTitle "CBM 130 Extra"]
[Source "ChessBase"]
[SourceDate "2009.07.02"]
[SourceVersion "2"]
[SourceVersionDate "2009.07.15"]
[SourceQuality "1"]

1. c4 e6 2. d4 d5 3. Nf3 dxc4 4. e4 b5 5. a4 c6 6. Nc3 b4 7. Na2 Nf6 8. e5 Nd5
9. Bxc4 Be7 10. O-O a5 11. Bd2 Nd7 12. Nc1 O-O 13. Nb3 Ba6 14. Bxa6 Rxa6 15.
Qe2 Qa8 16. Bg5 h6 17. Bxe7 Nxe7 18. Rfc1 Rd8 19. Qe4 Ra7 20. g4 Nd5 21. Rc2
Nf8 22. Rac1 f5 23. exf6 gxf6 24. Nc5 Rd6 25. Nd2 Rg7 26. Kh1 Qe8 27. Nc4 Rd8
28. f3 h5 29. Rg2 f5 30. gxf5 Rxg2 31. Kxg2 exf5 32. Qxf5 Qg6+ 33. Qxg6+ Nxg6
34. Kf2 Ndf4 35. Rd1 Rd5 36. Ne3 Rd8 37. Nb7 Re8 38. Nxa5 Nh3+ 39. Ke2 Nh4 40.
Nxc6 Nf4+ 41. Kf2 Nh3+ 42. Kg3 Rxe3 43. Kxh4 Nf2 44. Rg1+ Kf8 45. a5 Rxf3 46.
a6 Rf4+ 47. Kxh5 1-0

[Event "Tatarstan-ch op"]
[Site "Kazan"]
[Date "2009.08.20"]
[Round "1"]
[White "Kharlov, Andrei"]
[Black "Talov, Nikita"]
[Result "1-0"]
[WhiteElo "2513"]
[BlackElo "2084"]
[PlyCount "101"]
[EventDate "2009.08.20"]
[EventType "swiss"]
[EventRounds "9"]
[EventCountry "RUS"]
[SourceTitle "EXT 2010"]
[Source "ChessBase"]
[SourceDate "2009.11.30"]
[SourceVersion "1"]
[SourceVersionDate "2009.11.30"]
[SourceQuality "1"]

1. d4 Nf6 2. c4 c5 3. e3 cxd4 4. exd4 g6 5. Nc3 Bg7 6. Bg5 O-O 7. Qd2 d6 8. Be2
Nc6 9. Nf3 Bf5 10. d5 Nb4 11. O-O Na6 12. Nd4 Bd7 13. f3 Rc8 14. Rfe1 Re8 15.
Bf1 Nc5 16. b4 Na4 17. Nxa4 Bxa4 18. Rac1 Nd7 19. Be3 Nb6 20. Nb3 Bxb3 21. axb3
h5 22. g3 Qd7 23. Red1 Red8 24. Qf2 Qc7 25. Bh3 Ra8 26. Rc2 Kh7 27. Ra2 Nc8 28.
b5 b6 29. f4 f5 30. Bf1 Qd7 31. Qf3 Qb7 32. Kg2 a6 33. bxa6 Rxa6 34. Rdd2 Bc3
35. Rdc2 Bb4 36. h3 Bc5 37. Bd2 Rxa2 38. Rxa2 Qd7 39. Bc3 b5 40. cxb5 Na7 41.
Qd3 Rb8 42. b4 Bb6 43. Ba1 Rc8 44. Ra6 Qc7 45. Be2 Rb8 46. Bxh5 Nxb5 47. Bd1
Na7 48. h4 Qb7 49. h5 Rc8 50. hxg6+ Kxg6 51. Bh5+ 1-0

[Event "Tatarstan-ch op"]
[Site "Kazan"]
[Date "2009.08.21"]
[Round "2"]
[White "Pushkin, Eduard"]
[Black "Kharlov, Andrei"]
[Result "0-1"]
[WhiteElo "2206"]
[BlackElo "2513"]
[PlyCount "114"]
[EventDate "2009.08.20"]
[EventType "swiss"]
[EventRounds "9"]
[EventCountry "RUS"]
[SourceTitle "EXT 2010"]
[Source "ChessBase"]
[SourceDate "2009.11.30"]
[SourceVersion "1"]
[SourceVersionDate "2009.11.30"]
[SourceQuality "1"]

1. Nf3 d5 2. g3 g6 3. Bg2 Bg7 4. d4 c6 5. O-O Nf6 6. Bf4 O-O 7. Qc1 Qb6 8. c4
dxc4 9. Na3 c3 10. bxc3 Nbd7 11. Re1 Ne4 12. Nc4 Qa6 13. Ncd2 Nxd2 14. Qxd2 Nb6
15. e4 Qa5 16. Bh6 Be6 17. Bxg7 Kxg7 18. Ng5 Bc4 19. h4 Rfd8 20. e5 h6 21. Nf3
Nd5 22. Rec1 h5 23. Ng5 Nc7 24. Qe3 Ne6 25. Rcb1 Nxg5 26. hxg5 Rd7 27. Rb4 Bd5
28. Bh3 Be6 29. Bg2 Rc8 30. Rab1 b6 31. R4b2 c5 32. d5 Bxd5 33. Bxd5 Rxd5 34.
c4 Rd4 35. e6 Qa4 36. exf7 Qxc4 37. Qxe7 Qxf7 38. Qe5+ Kh7 39. Re2 Rd5 40. Qe3
Rc7 41. Kg2 Qf5 42. Rbe1 Qxg5 43. Qxg5 Rxg5 44. Re7+ Rxe7 45. Rxe7+ Kg8 46.
Rxa7 Re5 47. Rb7 Re6 48. Rc7 Kf8 49. a4 Ke8 50. a5 bxa5 51. Ra7 c4 52. Rxa5 Kd7
53. f4 Rc6 54. Ra2 c3 55. Rc2 Ke6 56. Kh3 Kf5 57. Kh4 Rc5 0-1

[Event "Tatarstan-ch op"]
[Site "Kazan"]
[Date "2009.08.22"]
[Round "3"]
[White "Kharlov, Andrei"]
[Black "Rodchenkov, Vitaly"]
[Result "1-0"]
[WhiteElo "2513"]
[BlackElo "2377"]
[PlyCount "137"]
[EventDate "2009.08.20"]
[EventType "swiss"]
[EventRounds "9"]
[EventCountry "RUS"]
[SourceTitle "EXT 2010"]
[Source "ChessBase"]
[SourceDate "2009.11.30"]
[SourceVersion "1"]
[SourceVersionDate "2009.11.30"]
[SourceQuality "1"]

1. e4 c5 2. Nf3 Nc6 3. d4 cxd4 4. Nxd4 g6 5. c4 Bg7 6. Be3 Nf6 7. Nc3 O-O 8.
Be2 d6 9. Nc2 Be6 10. O-O Qa5 11. Qd2 Rfc8 12. f3 Nd7 13. Rab1 Nce5 14. b4 Qd8
15. c5 dxc5 16. bxc5 Nc4 17. Bxc4 Bxc4 18. Rfc1 Ne5 19. Qxd8+ Rxd8 20. Na3 Rd3
21. Bg5 Ba6 22. Nab5 Rd7 23. Nd5 f6 24. Be3 Bxb5 25. Rxb5 e6 26. Nf4 Kf7 27.
Rcb1 Rb8 28. Kf2 Bf8 29. Ke2 g5 30. Nh3 Rc7 31. Bd4 Nc6 32. Be3 a6 33. Rb6 Nd8
34. Rxa6 Bxc5 35. Bxc5 Rxc5 36. Rd6 Ke7 37. Rd2 Nc6 38. Nf2 Ra5 39. Nd3 Nd4+
40. Kf2 e5 41. Nb4 Ke6 42. Nc2 Nc6 43. Ne3 b5 44. Kg3 Nd4 45. Nd5 Rc8 46. h4
gxh4+ 47. Kxh4 f5 48. Kh3 Ra7 49. Nf4+ Kf6 50. exf5 Kxf5 51. Ne2 Nxe2 52. Rxe2
Rc5 53. Rd1 Ra6 54. Rd7 h6 55. Rf7+ Kg6 56. Rb7 Rd6 57. Rb2 Rdd5 58. Rb4 Rc4
59. R7xb5 Rxb4 60. Rxb4 Rd2 61. Rb6+ Kg5 62. Ra6 Re2 63. Kg3 h5 64. Ra4 Rc2 65.
Ra8 h4+ 66. Kh3 Rc1 67. Rg8+ Kh5 68. Kh2 Ra1 69. Re8 1-0

[Event "Tatarstan-ch op"]
[Site "Kazan"]
[Date "2009.08.23"]
[Round "4"]
[White "Ashiev, Eduard"]
[Black "Kharlov, Andrei"]
[Result "0-1"]
[WhiteElo "2283"]
[BlackElo "2513"]
[PlyCount "102"]
[EventDate "2009.08.20"]
[EventType "swiss"]
[EventRounds "9"]
[EventCountry "RUS"]
[SourceTitle "EXT 2010"]
[Source "ChessBase"]
[SourceDate "2009.11.30"]
[SourceVersion "1"]
[SourceVersionDate "2009.11.30"]
[SourceQuality "1"]

1. d4 d5 2. Nf3 Nf6 3. c4 e6 4. Nc3 dxc4 5. Qa4+ c6 6. Qxc4 b5 7. Qb3 Nbd7 8.
Bg5 Bb7 9. e4 Qa5 10. Bd3 a6 11. O-O c5 12. Rfe1 cxd4 13. Nd5 Bc5 14. Nxf6+
gxf6 15. Bh4 Be7 16. a4 Nc5 17. Qd1 Nxd3 18. Qxd3 e5 19. Nd2 Qb6 20. f4 Rg8 21.
fxe5 fxe5 22. Bxe7 Kxe7 23. axb5 axb5 24. Rxa8 Bxa8 25. Rf1 Qc5 26. Qf3 Rf8 27.
Qf6+ Kd7 28. Nf3 Re8 29. Qxf7+ Re7 30. Qf5+ Kc7 31. b4 Qd6 32. Rc1+ Bc6 33. Rc5
d3 34. Qg5 Kb7 35. Qe3 Re8 36. Nd2 Ra8 37. h3 Qd4 38. Qxd4 exd4 39. Rc1 Ra2 40.
Nf3 Bxe4 41. Rd1 Rb2 42. Rd2 Rxb4 43. Ng5 Bg6 44. g4 Rb1+ 45. Kf2 b4 46. Ne6 b3
47. Kg3 Kc6 48. Nxd4+ Kc5 49. Ne6+ Kc4 50. Rf2 b2 51. Kh4 Re1 0-1

[Event "Tatarstan-ch op"]
[Site "Kazan"]
[Date "2009.08.24"]
[Round "5"]
[White "Kharlov, Andrei"]
[Black "Ponfilenok, Vladimir"]
[Result "1/2-1/2"]
[WhiteElo "2513"]
[BlackElo "2440"]
[PlyCount "200"]
[EventDate "2009.08.20"]
[EventType "swiss"]
[EventRounds "9"]
[EventCountry "RUS"]
[SourceTitle "EXT 2010"]
[Source "ChessBase"]
[SourceDate "2009.11.30"]
[SourceVersion "1"]
[SourceVersionDate "2009.11.30"]
[SourceQuality "1"]

1. c4 f5 2. g3 Nf6 3. Nf3 e6 4. Bg2 d5 5. O-O c6 6. d3 dxc4 7. dxc4 Qxd1 8.
Rxd1 Nbd7 9. Nc3 Bc5 10. Na4 Be7 11. Bf4 Ng4 12. Bc7 Bd8 13. Bd6 Nb6 14. Nxb6
axb6 15. Rd2 e5 16. Nxe5 Nxe5 17. Bxe5 O-O 18. b3 Be6 19. Rad1 Re8 20. a4 Kf7
21. e3 Be7 22. Bd6 Red8 23. Bxe7 Rxd2 24. Rxd2 Kxe7 25. Kf1 Ra5 26. Ke2 b5 27.
axb5 cxb5 28. Bd5 bxc4 29. Bxc4 Bxc4+ 30. bxc4 Rc5 31. Rd4 b5 32. cxb5 Rxb5 33.
g4 fxg4 34. Rxg4 Kf6 35. Rf4+ Ke6 36. Kf3 Ra5 37. Kg3 Ra1 38. Kg2 Ra2 39. Rh4
h6 40. Rh5 Kf6 41. h4 Ra4 42. Kg3 Ra1 43. Rb5 Rg1+ 44. Kf4 Rh1 45. h5 Rh4+ 46.
Kg3 Rh1 47. f4 Re1 48. Kf2 Rh1 49. Re5 Rh2+ 50. Kf3 Ra2 51. Rd5 Ra1 52. Rd6+
Ke7 53. Rb6 Ra3 54. f5 Kf7 55. Kf4 Ra1 56. e4 Ra5 57. Rb7+ Kf8 58. Rd7 Rb5 59.
Rd5 Rb7 60. Rd6 Ke7 61. Ke5 Ra7 62. Rd5 Ra6 63. Rc5 Ra7 64. Rc6 Ra5+ 65. Kd4
Ra4+ 66. Kd5 Ra5+ 67. Rc5 Ra7 68. e5 Rd7+ 69. Ke4 Ra7 70. Rc6 Ra5 71. Rc7+ Kf8
72. Rd7 Rb5 73. e6 Ra5 74. Rf7+ Kg8 75. f6 gxf6 76. Rxf6 Kg7 77. Rf7+ Kg8 78.
Rf3 Kg7 79. Rf7+ Kg8 80. Rf5 Ra7 81. Rf6 Kg7 82. Rg6+ Kf8 83. Kf5 Ra1 84. Rf6+
Ke8 85. Kg6 Ke7 86. Kg7 Rh1 87. Rxh6 Rh2 88. Kg8 Rh1 89. Rh7+ Kxe6 90. h6 Rg1+
91. Rg7 Ra1 92. Rc7 Rg1+ 93. Rg7 Ra1 94. Rb7 Rg1+ 95. Kf8 Rf1+ 96. Ke8 Ra1 97.
Rb6+ Kf5 98. h7 Ra7 99. Rh6 Ra8+ 100. Ke7 Ra7+ 1/2-1/2

[Event "Tatarstan-ch op"]
[Site "Kazan"]
[Date "2009.08.26"]
[Round "7"]
[White "Kharlov, Andrei"]
[Black "Maksimov, Sergei"]
[Result "1/2-1/2"]
[WhiteElo "2513"]
[BlackElo "2233"]
[PlyCount "165"]
[EventDate "2009.08.20"]
[EventType "swiss"]
[EventRounds "9"]
[EventCountry "RUS"]
[SourceTitle "EXT 2010"]
[Source "ChessBase"]
[SourceDate "2009.11.30"]
[SourceVersion "1"]
[SourceVersionDate "2009.11.30"]
[SourceQuality "1"]

1. c4 g6 2. Nf3 Bg7 3. g3 c5 4. d4 Qb6 5. dxc5 Qxc5 6. Nbd2 Nh6 7. Bg2 O-O 8.
O-O Nc6 9. Rb1 d6 10. b3 Bf5 11. e4 Bd7 12. Bb2 a5 13. Bxg7 Kxg7 14. Qc1 Ng4
15. Qb2+ f6 16. Ne1 Nd4 17. Ndf3 Nxf3+ 18. Nxf3 e5 19. Qe2 Nh6 20. Rfd1 Bg4 21.
Rd5 Qc7 22. h3 Bxf3 23. Bxf3 Nf7 24. Rbd1 Rfe8 25. c5 Red8 26. Qb5 Ra6 27. Be2
Rc6 28. cxd6 Rcxd6 29. Bc4 Rxd5 30. Rxd5 b6 31. Rxd8 Qxd8 32. Bd5 Ng5 33. Qc6
Nf3+ 34. Kg2 Nd4 35. Qb7+ Kh6 36. h4 Ne2 37. a4 Nd4 38. Qf7 Ne2 39. Bc4 Nd4 40.
g4 Nc2 41. Kg3 Nd4 42. h5 f5 43. hxg6 hxg6 44. exf5 gxf5 45. Qh5+ Kg7 46. g5
f4+ 47. Kg2 f3+ 48. Kf1 Nf5 49. Qxf3 Qxg5 50. Qb7+ Ne7 51. Qxb6 Qc1+ 52. Ke2
Qc2+ 53. Kf3 Qf5+ 54. Ke3 Qf4+ 55. Ke2 Nf5 56. Qb7+ Kh6 57. Qh1+ Kg7 58. Qg2+
Kf6 59. Qc6+ Kg5 60. Qg2+ Kf6 61. Kd1 Nd4 62. Bd3 Nf3 63. Qg6+ Ke7 64. Ke2 Nd4+
65. Kf1 Qc1+ 66. Kg2 Ne6 67. Kh2 Qf4+ 68. Qg3 Qh6+ 69. Kg1 Qc1+ 70. Kh2 Qh6+
71. Kg1 Qc1+ 72. Bf1 Nf4 73. Qg7+ Ke6 74. Qg8+ Kf6 75. Qf8+ Ke6 76. Qe8+ Kf6
77. Qd8+ Kf5 78. Qd7+ Kf6 79. Qb5 Qd1 80. Qb6+ Kf5 81. Qe3 Kf6 82. Qb6+ Kf5 83.
Qe3 1/2-1/2

[Event "Tatarstan-ch op"]
[Site "Kazan"]
[Date "2009.08.27"]
[Round "8"]
[White "Akhmadeev, Vadim"]
[Black "Kharlov, Andrei"]
[Result "1/2-1/2"]
[WhiteElo "2425"]
[BlackElo "2513"]
[PlyCount "114"]
[EventDate "2009.08.20"]
[EventType "swiss"]
[EventRounds "9"]
[EventCountry "RUS"]
[SourceTitle "EXT 2010"]
[Source "ChessBase"]
[SourceDate "2009.11.30"]
[SourceVersion "1"]
[SourceVersionDate "2009.11.30"]
[SourceQuality "1"]

1. d4 d5 2. c4 dxc4 3. Nf3 c6 4. e4 b5 5. a4 Nf6 6. e5 Nd5 7. axb5 cxb5 8. b3
e6 9. bxc4 bxc4 10. Bxc4 Be7 11. O-O O-O 12. Nbd2 a5 13. Ne4 Ba6 14. Bxa6 Rxa6
15. Bg5 Bxg5 16. Nexg5 h6 17. Ne4 Nc6 18. Qa4 Qa8 19. Rfc1 Nf4 20. Kh1 Nb4 21.
Nc5 Ra7 22. Qd1 Rd8 23. Qd2 Ng6 24. Ra3 Qd5 25. Nb3 Nc6 26. Rc5 Qd7 27. Qc3 a4
28. Rxc6 axb3 29. Rxb3 Nf4 30. Rd6 Qe8 31. Rxd8 Qxd8 32. Rb1 Ra2 33. Qe3 g5 34.
Re1 Qa8 35. h4 Ra3 36. Qe4 Qxe4 37. Rxe4 Nd3 38. Re2 g4 39. Ng1 Ra4 40. Kh2
Rxd4 41. g3 Rd5 42. f4 gxf3 43. Nxf3 h5 44. Kg2 Kg7 45. Re4 Rb5 46. Kf1 Rb2 47.
Re3 Nc5 48. Ng5 Nd7 49. Nf3 Rb4 50. Kg2 Kg6 51. Rd3 Rb7 52. Rd4 Rb2+ 53. Kg1
Nc5 54. g4 hxg4 55. Rxg4+ Kf5 56. Rg7 Kf4 57. Ng5 Rb1+ 1/2-1/2

[Event "Tatarstan-ch op"]
[Site "Kazan"]
[Date "2009.08.28"]
[Round "9"]
[White "Kharlov, Andrei"]
[Black "Ospennikov, Dmitry"]
[Result "1-0"]
[WhiteElo "2513"]
[BlackElo "2262"]
[PlyCount "57"]
[EventDate "2009.08.20"]
[EventType "swiss"]
[EventRounds "9"]
[EventCountry "RUS"]
[SourceTitle "EXT 2010"]
[Source "ChessBase"]
[SourceDate "2009.11.30"]
[SourceVersion "1"]
[SourceVersionDate "2009.11.30"]
[SourceQuality "1"]

1. c4 Nf6 2. Nc3 e6 3. e4 c5 4. e5 Ng8 5. Nf3 Nc6 6. d4 cxd4 7. Nxd4 Nxe5 8.
Ndb5 a6 9. Nd6+ Bxd6 10. Qxd6 f6 11. Be3 Ne7 12. Bb6 Nf5 13. Qc5 Qe7 14. Qxe7+
Kxe7 15. f4 Ng4 16. Bd3 Nfe3 17. Rg1 d5 18. h3 dxc4 19. Be4 f5 20. hxg4 Nxg4
21. Bf3 Nf6 22. O-O-O Nd7 23. Bd4 Rg8 24. Na4 g5 25. fxg5 Rxg5 26. Nb6 Rb8 27.
Rh1 h5 28. Nxc4 b6 29. Ne5 1-0

[Event "Chigorin Memorial 18th"]
[Site "St Petersburg"]
[Date "2010.10.28"]
[Round "1"]
[White "Sanzhaev, Darsen"]
[Black "Kharlov, Andrei"]
[Result "0-1"]
[WhiteElo "2151"]
[BlackElo "2510"]
[PlyCount "72"]
[EventDate "2010.10.28"]
[EventType "swiss"]
[EventRounds "9"]
[EventCountry "RUS"]
[SourceTitle "EXT 2011"]
[Source "ChessBase"]
[SourceDate "2010.11.26"]
[SourceVersion "1"]
[SourceVersionDate "2010.11.26"]
[SourceQuality "1"]

1. d4 Nf6 2. c4 e6 3. Nf3 d5 4. e3 c5 5. Nc3 a6 6. a3 dxc4 7. Bxc4 b5 8. Bd3
Bb7 9. dxc5 Bxc5 10. O-O Nbd7 11. e4 O-O 12. Qe2 Qb8 13. b4 Bd6 14. Bd2 Ng4 15.
h3 Nge5 16. Nxe5 Nxe5 17. Rad1 Nxd3 18. Qxd3 Rd8 19. Qe2 Qc7 20. Rc1 Qe7 21.
Rfd1 Qf6 22. Qg4 h6 23. Ne2 Be5 24. Be3 Bb2 25. Rb1 Bxa3 26. Rxd8+ Rxd8 27. Rb3
Bb2 28. Bxh6 Be5 29. Bf4 Bxe4 30. Bxe5 Qxe5 31. Rg3 Rd3 32. Nf4 Rd4 33. Ne2
Rxb4 34. Qh4 Qd6 35. Qg5 Bg6 36. Kh2 Rc4 0-1

[Event "Chigorin Memorial 18th"]
[Site "St Petersburg"]
[Date "2010.10.29"]
[Round "2"]
[White "Kharlov, Andrei"]
[Black "Kovalev, Vladislav"]
[Result "1/2-1/2"]
[WhiteElo "2510"]
[BlackElo "2328"]
[PlyCount "78"]
[EventDate "2010.10.28"]
[EventType "swiss"]
[EventRounds "9"]
[EventCountry "RUS"]
[SourceTitle "EXT 2011"]
[Source "ChessBase"]
[SourceDate "2010.11.26"]
[SourceVersion "1"]
[SourceVersionDate "2010.11.26"]
[SourceQuality "1"]

1. e4 e5 2. Nf3 Nc6 3. Bb5 a6 4. Ba4 Nf6 5. O-O Be7 6. Re1 b5 7. Bb3 d6 8. c3
O-O 9. h3 Na5 10. Bc2 c5 11. d3 Re8 12. Nbd2 h6 13. Nf1 Bf8 14. Ng3 g6 15. Bd2
Bb7 16. a4 Bg7 17. Qc1 Kh7 18. b4 cxb4 19. cxb4 Nc6 20. axb5 axb5 21. Rxa8 Bxa8
22. Bb3 Qd7 23. h4 Rf8 24. Bc3 Qg4 25. h5 Nxh5 26. Nxh5 Qxh5 27. Bd1 Qg4 28.
Nxe5 Qc8 29. Bg4 f5 30. Nxc6 Qxc6 31. Bxg7 Qxc1 32. Rxc1 Kxg7 33. exf5 gxf5 34.
Be2 Re8 35. Bh5 Rg8 36. f3 Kf6 37. Kf2 Bd5 38. Rc7 Kg5 39. g4 Rf8 1/2-1/2

[Event "Chigorin Memorial 18th"]
[Site "St Petersburg"]
[Date "2010.10.30"]
[Round "3"]
[White "Damia, Angelo"]
[Black "Kharlov, Andrei"]
[Result "0-1"]
[WhiteElo "2287"]
[BlackElo "2510"]
[PlyCount "98"]
[EventDate "2010.10.28"]
[EventType "swiss"]
[EventRounds "9"]
[EventCountry "RUS"]
[SourceTitle "EXT 2011"]
[Source "ChessBase"]
[SourceDate "2010.11.26"]
[SourceVersion "1"]
[SourceVersionDate "2010.11.26"]
[SourceQuality "1"]

1. d4 Nf6 2. c4 e6 3. Nc3 Bb4 4. Qc2 O-O 5. a3 Bxc3+ 6. Qxc3 b5 7. Bg5 bxc4 8.
Qxc4 a5 9. Nf3 Ba6 10. Bxf6 Qxf6 11. Qxc7 Nc6 12. e3 Bxf1 13. Kxf1 Ra7 14. Qg3
Rb8 15. Kg1 Rxb2 16. h3 h5 17. Kh2 h4 18. Qxh4 Qxh4 19. Nxh4 Rxf2 20. Nf3 Rb7
21. Rab1 Rbb2 22. Rxb2 Rxb2 23. e4 f6 24. Rc1 Rb3 25. d5 exd5 26. exd5 Ne7 27.
Nd4 Rd3 28. d6 Rxd4 29. dxe7 Kf7 30. Re1 Ke8 31. Re3 Rd5 32. Rg3 Rg5 33. Re3
Re5 34. Rd3 Kxe7 35. Kg3 Re4 36. Kf3 Ra4 37. g4 g5 38. Ke3 Ke6 39. Kd2 d5 40.
Kc2 Ke5 41. Re3+ Re4 42. Rf3 Rf4 43. Re3+ Kd4 44. Re6 a4 45. Ra6 Rf2+ 46. Kd1
Kd3 47. Ke1 Rf4 48. Ra5 Re4+ 49. Kd1 Rd4 0-1

[Event "Chigorin Memorial 18th"]
[Site "St Petersburg"]
[Date "2010.11.01"]
[Round "5"]
[White "Melkumyan, Hrant"]
[Black "Kharlov, Andrei"]
[Result "0-1"]
[WhiteElo "2614"]
[BlackElo "2510"]
[PlyCount "110"]
[EventDate "2010.10.28"]
[EventType "swiss"]
[EventRounds "9"]
[EventCountry "RUS"]
[SourceTitle "EXT 2011"]
[Source "ChessBase"]
[SourceDate "2010.11.26"]
[SourceVersion "1"]
[SourceVersionDate "2010.11.26"]
[SourceQuality "1"]

1. d4 Nf6 2. c4 e6 3. g3 d5 4. Nf3 dxc4 5. Bg2 Nc6 6. Qa4 Bb4+ 7. Bd2 Bd6 8.
Bc3 O-O 9. Qxc4 Nd5 10. Ne5 Bxe5 11. dxe5 Qe7 12. O-O Rd8 13. Na3 a6 14. Nc2
Bd7 15. b4 Na7 16. Bd2 Ba4 17. Rfc1 Nb6 18. Qf4 Nc6 19. Be1 h6 20. Qe4 Rd7 21.
f4 Rad8 22. a3 Bb5 23. Bf3 Na4 24. Qe3 Qe8 25. Qb3 Qe7 26. h4 Qe8 27. h5 Qe7
28. Kh2 f6 29. exf6 Qxf6 30. Bg4 Kh8 31. Qxe6 Qxe6 32. Bxe6 Re7 33. f5 Bxe2 34.
g4 Bxg4 35. Bh4 Rd2+ 36. Kg3 Rxe6 37. fxe6 Bxe6 38. Ne3 Rd3 39. Re1 Nc3 40. Kf2
Nd4 41. Nf1 Rf3+ 42. Kg2 Bd5 43. Kh2 Nde2 44. Bg3 Rf5 45. Kh3 Rxh5+ 46. Kg4
Rg5+ 47. Kh3 Ng1+ 48. Kh2 Nf3+ 49. Kh3 Ng1+ 50. Kh4 Nce2 51. Rxe2 Nxe2 52. Bxc7
Be6 53. Re1 Nd4 54. Nd2 Rg4+ 55. Kh5 g6+ 0-1

[Event "Chigorin Memorial 18th"]
[Site "St Petersburg"]
[Date "2010.11.02"]
[Round "6"]
[White "Kharlov, Andrei"]
[Black "Savchenko, Boris"]
[Result "0-1"]
[WhiteElo "2510"]
[BlackElo "2627"]
[PlyCount "102"]
[EventDate "2010.10.28"]
[EventType "swiss"]
[EventRounds "9"]
[EventCountry "RUS"]
[SourceTitle "EXT 2011"]
[Source "ChessBase"]
[SourceDate "2010.11.26"]
[SourceVersion "1"]
[SourceVersionDate "2010.11.26"]
[SourceQuality "1"]

1. c4 Nf6 2. Nf3 e6 3. g3 d5 4. b3 Be7 5. Bb2 O-O 6. Bg2 c5 7. O-O Nc6 8. e3 b6
9. Nc3 Bb7 10. Qe2 Re8 11. Rfd1 d4 12. exd4 cxd4 13. Nb5 d3 14. Qf1 Ng4 15. Ba3
Bxa3 16. Nxa3 e5 17. h3 Nf6 18. Nb5 e4 19. Ne1 h5 20. f3 a6 21. Nc3 Qd4+ 22.
Qf2 e3 23. dxe3 Qxc3 24. Nxd3 Nb4 25. Nxb4 Qxb4 26. e4 Rad8 27. Rd4 Rxd4 28.
Qxd4 Qc5 29. Qxc5 bxc5 30. Rd1 Kf8 31. Rd6 Re6 32. Rd8+ Re8 33. Rd6 Ke7 34. e5
Nd7 35. f4 Bxg2 36. Kxg2 Ra8 37. Kf3 a5 38. Ke4 Nf6+ 39. Ke3 a4 40. Rd3 Nd7 41.
Ke4 f6 42. Kd5 fxe5 43. Kc6 Ra6+ 44. Kc7 Ra7+ 45. Kc6 e4 46. Re3 Ra6+ 47. Kb5
Rb6+ 48. Kxa4 Nf6 49. Ka5 Rd6 50. g4 Rd3 51. Re1 e3 0-1

[Event "Chigorin Memorial 18th"]
[Site "St Petersburg"]
[Date "2010.11.04"]
[Round "8"]
[White "Kharlov, Andrei"]
[Black "Romanov, Evgeny"]
[Result "1/2-1/2"]
[WhiteElo "2510"]
[BlackElo "2598"]
[PlyCount "78"]
[EventDate "2010.10.28"]
[EventType "swiss"]
[EventRounds "9"]
[EventCountry "RUS"]
[SourceTitle "EXT 2011"]
[Source "ChessBase"]
[SourceDate "2010.11.26"]
[SourceVersion "1"]
[SourceVersionDate "2010.11.26"]
[SourceQuality "1"]

1. d4 d5 2. Bf4 Nf6 3. e3 c5 4. c3 Nc6 5. Nd2 a6 6. Ngf3 cxd4 7. exd4 Bg4 8. h3
Bxf3 9. Nxf3 e6 10. Bd3 Bd6 11. Bxd6 Qxd6 12. O-O O-O 13. Qe2 Nd7 14. Rae1 Rae8
15. Ne5 Ndxe5 16. dxe5 Qc5 17. Kh1 g6 18. f4 b5 19. a3 Re7 20. h4 f5 21. exf6
Rxf6 22. Qg4 Qd6 23. Qg5 e5 24. fxe5 Rxe5 25. Rxf6 Rxe1+ 26. Bf1 Re6 27. Rf2
Qe5 28. Qxe5 Nxe5 29. Rd2 Nc4 30. Bxc4 dxc4 31. Kg1 Kf7 32. Kf2 Ke7 33. Rd4
Rf6+ 34. Ke3 Rf1 35. Re4+ Kd6 36. Rf4 Re1+ 37. Kd4 Rd1+ 38. Ke3 Re1+ 39. Kd4
Rd1+ 1/2-1/2